| 000 | 01527nam0a22002411 4500 | ||
|---|---|---|---|
| 001 | rc\2631156 | ||
| 005 | 20110914172616.6 | ||
| 035 | _a(NLR Aleph) 006794605 | ||
| 090 |
_a6179736 _c6179736 |
||
| 100 | _a20110914d1931 |||y0rusy50 ca | ||
| 101 | 0 | _arus | |
| 102 | _aRU | ||
| 105 | _ay z ||||| | ||
| 200 | 1 |
_aПередовые школы в борьбе за политехнизм _e(Смотр фабрично-заводских семилеток, прикрепленных к предприятиям металлопромышленности, в секции по политехническому образованию общества педагогов-марксистов 3-4 марта 1931 г.) _fС предисл. и заключительной речью Н. К. Крупской |
|
| 210 |
_a[Москва] _cОгиз - Наркомпрос РСФСР _cОбщ-во педагогов-марксистов _d1931 _gтипо-лит. им. т. Воровского |
||
| 215 |
_a53, [1] с. _d22х15 см. |
||
| 702 | 1 |
_aКрупская _bН. К. _4080 _4080 |
|
| 710 | 0 | 2 |
_aОбщество педагогов-марксистов (Москва) _bСекция по политехническому образованию _bСмотр фабрично-заводских семилеток, прикрепленных к предприятиям металлопромышленности _f1931 |
| 801 | 0 |
_aRU _bNLR _gpsbo |
|
| 801 | 1 |
_aRU _bELAR _2rusmarc |
|
| 852 |
_aNLR _j31-10/1960 |
||
| 942 | _cBOOK | ||
| 980 | _aNB | ||